| 000 | 01355nam a22002897a 4500 | ||
|---|---|---|---|
| 005 | 20130620120715.0 | ||
| 010 | _aENG-107088-090 ENG-107302 | ||
| 020 |
_a9788132109709(v.1) _c850.00 |
||
| 020 |
_a9788132110514(v.2) _c850.00 |
||
| 020 |
_a9788132110521(v.3) _c850.00 |
||
| 020 |
_a9788132110538(v.4) _c850.00 |
||
| 035 | _aEN-90621-90623 | ||
| 035 | _aEN-90835 | ||
| 037 | _bDBAD/PUB | ||
| 082 | 0 | 0 |
_a954.0317 _223 |
| 245 | 0 | 0 |
_aMutiny at the margins : _bnew perspectives on the Indian uprising of 1857 |
| 260 |
_aNew Delhi _bSAGE Publications _c2013 |
||
| 270 |
_aB1/I-1 Mohan Cooperative Industrial Area, Mathura Road _bNew Delhi _e110044 |
||
| 300 |
_a4V.(xxx,244p.;xxviii,227p.;xxvii,225p.;xxix,154p.) _c25cm(Hb) |
||
| 500 | _aIncludes bibliographical references and index. | ||
| 505 | 0 | _aVolume 1. Anticipations and experiences in the locality / [edited by] Crispin Bates -- Volume 2. Britain and the Indian Uprising / [edited by] Andrea Major and Crispin Bates -- Volume 3. Global perseptives / edited by Marina Carter, Crispin Bates -- Volume 4. Military Aspects of the Indian Uprising / edited by Gavin Rand, Crispin Bates -- | |
| 700 | 1 |
_aBates, Crispin, _d1958- _eeditor of compilation. |
|
| 700 | 1 | _aMajor, Andrea. | |
| 700 | 1 | _aCarter, Marina. | |
| 700 | 1 | _aRand, Gavin. | |
| 942 |
_2ddc _cEN _h954.0317 _mMUT |
||
| 999 |
_c75389 _d75389 |
||